| 000 -LEADER |
| fixed length control field |
02013cam a2200385 a 4500 |
| 001 - CONTROL NUMBER |
| control field |
16743091 |
| 003 - CONTROL NUMBER IDENTIFIER |
| control field |
Nust- CAS-E |
| 005 - DATE AND TIME OF LATEST TRANSACTION |
| control field |
20180118181406.0 |
| 008 - FIXED-LENGTH DATA ELEMENTS--GENERAL INFORMATION |
| fixed length control field |
110420s2011 enka b 001 0 eng |
| 010 ## - LIBRARY OF CONGRESS CONTROL NUMBER |
| LC control number |
2011010956 |
| 020 ## - INTERNATIONAL STANDARD BOOK NUMBER |
| International Standard Book Number |
9781444318340 (hb) |
| 020 ## - INTERNATIONAL STANDARD BOOK NUMBER |
| International Standard Book Number |
9781444318333 (paper) |
| 035 ## - SYSTEM CONTROL NUMBER |
| System control number |
(OCoLC)ocn712125150 |
| 040 ## - CATALOGING SOURCE |
| Original cataloging agency |
DLC |
| Transcribing agency |
DLC |
| Modifying agency |
YDX |
| -- |
BTCTA |
| -- |
YDXCP |
| -- |
CDX |
| -- |
UKMGB |
| -- |
BWX |
| -- |
DEBBG |
| -- |
PUL |
| -- |
BDX |
| -- |
DLC |
| 042 ## - AUTHENTICATION CODE |
| Authentication code |
pcc |
| 050 00 - LIBRARY OF CONGRESS CALL NUMBER |
| Classification number |
TK7871.86 |
| Item number |
.K48 2011 |
| 082 00 - DEWEY DECIMAL CLASSIFICATION NUMBER |
| Classification number |
621.3815 |
| Edition number |
22 |
| Author Mark |
KIT 2011 |
| 084 ## - OTHER CLASSIFICATION NUMBER |
| Classification number |
TEC021000 |
| Number source |
bisacsh |
| 084 ## - OTHER CLASSIFICATION NUMBER |
| Classification number |
ZN 4800 |
| Number source |
rvk |
| 100 1# - MAIN ENTRY--PERSONAL NAME |
| Personal name |
Kitai, Adrian, |
| Dates associated with a name |
1957- |
| 245 10 - TITLE STATEMENT |
| Title |
Principles of solar cells, LEDs and diodes : |
| Remainder of title |
the role of the PN junction / |
| Statement of responsibility, etc. |
Adrian Kitai. |
| 260 ## - PUBLICATION, DISTRIBUTION, ETC. |
| Place of publication, distribution, etc. |
Chichester, West Sussex, U.K. : |
| Name of publisher, distributor, etc. |
Wiley, |
| Date of publication, distribution, etc. |
2011. |
| 300 ## - PHYSICAL DESCRIPTION |
| Extent |
xiii, 318 p. : |
| Other physical details |
ill. ; |
| Dimensions |
26 cm. |
| 502 ## - DISSERTATION NOTE |
| Dissertation note |
0 |
| 504 ## - BIBLIOGRAPHY, ETC. NOTE |
| Bibliography, etc. note |
Includes bibliographical references and index. |
| 520 ## - SUMMARY, ETC. |
| Summary, etc. |
"The book will cover the two most important applications of semiconductor diodes - solar cells and LEDs - together with quantitative coverage of the physics of the PN junction at the senior undergraduate level. It will include: Review of semiconductor physics Introduction to PN diodesThe solar cell Physics of efficient conversion of sunlight into electrical energy Semiconductor solar cell materials and device physics Advanced solar cell materials and devices The light emitting diode Physics of efficient conversion of electrical energy into light Semiconductor light emitting diode materials and device physics Advanced light emitting diode materials and devices"-- |
| 650 #0 - SUBJECT ADDED ENTRY--TOPICAL TERM |
| Topical term or geographic name entry element |
Diodes, Semiconductor. |
| 650 #0 - SUBJECT ADDED ENTRY--TOPICAL TERM |
| Topical term or geographic name entry element |
Light emitting diodes. |
| 650 #0 - SUBJECT ADDED ENTRY--TOPICAL TERM |
| Topical term or geographic name entry element |
Semiconductors |
| General subdivision |
Junctions. |
| 650 #0 - SUBJECT ADDED ENTRY--TOPICAL TERM |
| Topical term or geographic name entry element |
Solar cells. |
| 856 42 - ELECTRONIC LOCATION AND ACCESS |
| Materials specified |
Cover image |
| Uniform Resource Identifier |
<a href="http://catalogimages.wiley.com/images/db/jimages/9781444318340.jpg">http://catalogimages.wiley.com/images/db/jimages/9781444318340.jpg</a> |
| 906 ## - LOCAL DATA ELEMENT F, LDF (RLIN) |
| a |
7 |
| b |
cbc |
| c |
orignew |
| d |
1 |
| e |
ecip |
| f |
20 |
| g |
y-gencatlg |
| 942 ## - ADDED ENTRY ELEMENTS (KOHA) |
| Source of classification or shelving scheme |
|
| Koha item type |
Book |